000 00594nam a2200205Ia 4500
003 OSt
005 20250218092851.0
008 210210b1996 xxu||||| |||| 00| 0 eng d
040 _cAL
041 _aKannada
082 _aK894.8 SVAB
100 _aSVAMI (B S).
_dಸ್ವಾಮಿ (ಬಿ ಎಸ್)
_9173353
245 _aBasavapurva Sharanaru.
_bಬಸವಪೂರ್ವ ಶರಣರು.
260 _aBengaluru
_bNavina Prakashana
_c1996
300 _a129
650 _aSharanaru Virashaiva
_9173354
690 _aKannada Miscellaneous
_9173355
906 _a052637
942 _2ddc
_cBK
999 _c101213
_d101213